Missa O sacrum convivium

Hlavní autor: Palestrina, Giovanni Pierluigi da, 1525-1594
Další autoři: Bäuerle, Hermann, 1869-1936
Jazyk: Latina
Vydáno: Leipzig : Breitkopf u. Härtel, 1951
Edice: Breitkopf & Härtel's Kammermusik-Bibliothek
Fyzický popis: 30 s.
Hudebniny Hudebniny
Uloženo v:
LEADER 00983ncm a22002412a 4500
001 000460096
003 CZ BrMZK
005 20111017124401.0
007 qu
008 000105s1951 gw f lat d
040 |a BOA001  |b cze 
072 7 |a 783  |x Církevní hudba. Duchovní hudba. Náboženská hudba  |2 Konspekt  |9 9 
100 1 |a Palestrina, Giovanni Pierluigi da,  |d 1525-1594  |7 jn20000604332  |4 cmp 
245 1 0 |a Missa O sacrum convivium  |h [hudebnina] /  |c Giovanni Pierluigi da Palestrina ; Kritisch-korrekte, modernis. Ausgabe von Hermann Bäuerle 
260 |a Leipzig :  |b Breitkopf u. Härtel,  |c 1951 
300 |a 30 s. 
490 1 |a Breitkopf & Härtel's Kammermusik-Bibliothek ;  |v Nr. 2033 
700 1 |a Bäuerle, Hermann,  |d 1869-1936  |7 mzk2011634228  |4 cmp 
830 0 |a Breitkopf & Härtel's Kammermusik-Bibliothek 
910 |a BOA001  |b Mus3-0452.699 
990 |a MU 
991 |b 201003 
996 6 |b 2619769414  |c Mus3-0452.699  |l MZK  |r Sklad / do 1 hodiny  |n 1  |w 000460096  |u 000010  |a 1  |e BOA001  |j MZK50  |s P